[Event "60th Hoogovens it"]
[Site "Wijk aan Zee NED"]
[Date "1998.01.18"]
[Round "3"]
[White "Nijboer, Friso"]
[Black "Piket, Jeroen"]
[Result "1-0"]
[WhiteElo "2580"]
[BlackElo "2575"]
[EventDate "1998.01.16"]
[PlyCount "71"]

1. e4 e5 2. Nf3 Nc6 3. Bb5 a6 4. Ba4 Nf6 5. O-O b5 6. Bb3 Bc5 7. a4 Rb8 8. axb5 axb5 9. c3 d6 10. d4 Bb6 11. Na3 O-O 12. Nxb5 Bg4 13. Be3 exd4 14. cxd4 Nxe4 15. Bd5 Qe8 16. h3 Bf5 17. Re1 Nb4 18. Bc4 c6 19. Na3 d5 20. Bf1 Bc7 21. Qc1 Rb6 22. Bf4 Qb8 23. Bxc7 Qxc7 24. Nh4 Be6 25. Nc4 Rbb8 26. Nd2 Nd6 27. Nb3 Qd8 28. Nf3 Bf5 29. Na5 Qb6 30. Qc5 Qc7 31. Ne5 Rb6 32. Ra4 Nc2 33. Rc1 Rxb2 34. Naxc6 Re8 35. Ra7 Nb7 36. Ne7+ 1-0

[Event "60th Hoogovens it"]
[Site "Wijk aan Zee NED"]
[Date "1998.01.18"]
[Round "3"]
[White "Shirov, Alexei"]
[Black "Van der Sterren, Paul"]
[Result "1/2-1/2"]
[WhiteElo "2710"]
[BlackElo "2555"]
[EventDate "1998.01.16"]
[PlyCount "121"]

1. e4 e5 2. Nf3 Nc6 3. Bb5 a6 4. Ba4 Nf6 5. O-O Be7 6. Re1 b5 7. Bb3 d6 8. c3 O-O 9. h3 Nb8 10. d4 Nbd7 11. Nbd2 Bb7 12. Bc2 Re8 13. Nf1 Bf8 14. Ng3 g6 15. a4 c5 16. d5 c4 17. Bg5 h6 18. Be3 Nc5 19. Qd2 h5 20. Bg5 Be7 21. Ra3 Rb8 22. axb5 axb5 23. Rea1 Qc7 24. Qe3 Ra8 25. Bh6 Nh7 26. Nh2 Rxa3 27. Rxa3 h4 28. Ne2 Ra8 29. Rxa8+ Bxa8 30. Ng4 Bb7 31. f4 Bc8 32. f5 Qd8 33. Qf2 Nf6 34. Qf3 Nh7 35. Be3 Ng5 36. Qf1 Ncxe4 37. Nh6+ Kg7 38. fxg6 fxg6 39. Bxe4 Kxh6 40. Qf7 Bf5 41. Bxf5 gxf5 42. Qxf5 Kg7 43. Qg4 Kf8 44. Kh2 Nf7 45. g3 Bg5 46. Bf2 hxg3+ 47. Nxg3 Bf4 48. h4 Nh6 49. Qh3 Qf6 50. Qc8+ Kg7 51. Qd7+ Kg6 52. Kg2 Bxg3 53. Bxg3 Nf5 54. Bf2 Kh5 55. Qxb5 Nxh4+ 56. Bxh4 Qxh4 57. Qe8+ Kg4 58. Qc8+ Kg5 59. Qd8+ Kg4 60. Qc8+ Kg5 61. Qd8+ 1/2-1/2

[Event "60th Hoogovens it"]
[Site "Wijk aan Zee NED"]
[Date "1998.01.21"]
[Round "5"]
[White "Adams, Michael"]
[Black "Piket, Jeroen"]
[Result "1/2-1/2"]
[WhiteElo "2670"]
[BlackElo "2575"]
[EventDate "1998.01.16"]
[PlyCount "49"]

1. e4 e5 2. Bc4 Nf6 3. d3 Bc5 4. Nc3 d6 5. Bg5 h6 6. Bh4 c6 7. Nge2 Nbd7 8. a3 a6 9. Ba2 b5 10. d4 Bb6 11. f3 Bb7 12. O-O Qe7 13. Kh1 O-O-O 14. b4 g6 15. a4 exd4 16. Nxd4 Rhe8 17. axb5 axb5 18. Qd2 d5 19. Ncxb5 cxb5 20. Nxb5 d4 21. Bxf7 g5 22. Bg3 Ne5 23. Bxe8 Qxe8 24. Na3 Bc7 25. b5 1/2-1/2

[Event "60th Hoogovens it"]
[Site "Wijk aan Zee NED"]
[Date "1998.01.22"]
[Round "6"]
[White "Karpov, Anatoly"]
[Black "Van Wely, Loek"]
[Result "1/2-1/2"]
[WhiteElo "2735"]
[BlackElo "2605"]
[EventDate "1998.01.16"]
[PlyCount "57"]

1. Nf3 Nf6 2. c4 e6 3. d4 c5 4. e3 d5 5. Nc3 cxd4 6. exd4 Bb4 7. Bd3 dxc4 8. Bxc4 O-O 9. O-O b6 10. Bg5 Bb7 11. Qe2 Bxc3 12. bxc3 Nbd7 13. Bd3 Qc7 14. c4 Ng4 15. Be4 Bxe4 16. Qxe4 Ngf6 17. Qe2 Rac8 18. Rac1 Rfe8 19. Rfe1 h6 20. Bd2 Qc6 21. Qd3 a6 22. h3 b5 23. cxb5 Qxb5 24. Qxb5 axb5 25. Rb1 Rc2 26. Rxb5 Ra8 27. Ra1 Raxa2 28. Rxa2 Rxa2 29. Rb7 1/2-1/2

[Event "60th Hoogovens it"]
[Site "Wijk aan Zee NED"]
[Date "1998.01.24"]
[Round "7"]
[White "Shirov, Alexei"]
[Black "Adams, Michael"]
[Result "1-0"]
[WhiteElo "2710"]
[BlackElo "2670"]
[EventDate "1998.01.16"]
[PlyCount "79"]

1. e4 e5 2. Nf3 Nc6 3. Bb5 a6 4. Ba4 Nf6 5. O-O Be7 6. Re1 b5 7. Bb3 O-O 8. h3 Bb7 9. d3 d6 10. a3 Nb8 11. Nbd2 Nbd7 12. Nf1 Re8 13. Ng3 c6 14. Nf5 Bf8 15. Nh2 d5 16. Qf3 Kh8 17. Bg5 h6 18. Bh4 g6 19. Ne3 g5 20. Bg3 dxe4 21. dxe4 c5 22. Bxf7 Bxe4 23. Qe2 Re7 24. Bh5 Nxh5 25. Qxh5 Bg7 26. Neg4 Bxc2 27. Nxh6 Qe8 28. Qxg5 Re6 29. Nf5 Bf6 30. Qg4 Qg8 31. Ne3 Bh7 32. Rad1 Ra7 33. Qe2 c4 34. Neg4 Bg7 35. Nf3 Bd3 36. Qe3 Ra8 37. Ngxe5 Rae8 38. Qd4 Nxe5 39. Bxe5 Bxe5 40. Rxe5 1-0

[Event "60th Hoogovens it"]
[Site "Wijk aan Zee NED"]
[Date "1998.01.25"]
[Round "8"]
[White "Adams, Michael"]
[Black "Timman, Jan"]
[Result "0-1"]
[WhiteElo "2670"]
[BlackElo "2635"]
[EventDate "1998.01.16"]
[PlyCount "112"]

1. e4 e5 2. Bc4 Nf6 3. d3 Bc5 4. Nc3 d6 5. Bg5 Be6 6. Bb3 Nc6 7. Na4 Bb4+ 8. c3 Ba5 9. Bxe6 fxe6 10. Ne2 O-O 11. O-O Qe8 12. b4 Bb6 13. Bd2 Nh5 14. b5 Ne7 15. Nxb6 axb6 16. a4 Nf4 17. Nxf4 exf4 18. f3 e5 19. c4 Ng6 20. Qe1 Qf7 21. a5 bxa5 22. Bxa5 Rfd8 23. Rf2 Nf8 24. Rfa2 Ne6 25. Bc3 Rab8 26. Ra7 g5 27. Qd1 Qg7 28. R7a2 h5 29. h3 Kf7 30. Rd2 g4 31. fxg4 hxg4 32. Qxg4 Qxg4 33. hxg4 Rg8 34. d4 exd4 35. Bxd4 Rxg4 36. b6 c5 37. Bb2 f3 38. Rf1 Ng5 39. e5 dxe5 40. Bxe5 Re8 41. Bh2 Kg6 42. Kh1 Ne4 43. Rc2 f2 44. g3 Rd8 45. Kg2 Rd3 46. Ra2 Rb3 47. Ra8 Rxb6 48. Kh3 Rg5 49. Rg8+ Kf6 50. Rf8+ Ke5 51. g4+ Kd4 52. Bf4 Rh6+ 53. Kg2 Rxg4+ 54. Kf3 Rhh4 55. Rd1+ Kxc4 56. Rc1+ Kb3 0-1

[Event "60th Hoogovens it"]
[Site "Wijk aan Zee NED"]
[Date "1998.01.25"]
[Round "8"]
[White "Nijboer, Friso"]
[Black "Van Wely, Loek"]
[Result "1/2-1/2"]
[WhiteElo "2580"]
[BlackElo "2605"]
[EventDate "1998.01.16"]
[PlyCount "69"]

1. e4 c5 2. Nf3 d6 3. d4 cxd4 4. Nxd4 Nf6 5. Nc3 a6 6. Be3 e5 7. Nb3 Be6 8. Qd2 Nbd7 9. f3 h5 10. Nd5 Nxd5 11. exd5 Bf5 12. Be2 g6 13. Na5 Qc7 14. O-O Bg7 15. c4 b6 16. Nc6 Nb8 17. Nxb8 Rxb8 18. b4 O-O 19. Rac1 Rfd8 20. a4 Qd7 21. a5 bxa5 22. bxa5 e4 23. Bd4 Bxd4+ 24. Qxd4 Re8 25. c5 dxc5 26. Rxc5 Qa7 27. Rc4 Qxd4+ 28. Rxd4 exf3 29. Bxf3 Rb5 30. Bxh5 Rxa5 31. Bf3 Rc5 32. d6 Be6 33. Ra1 a5 34. Rda4 Rd8 35. Rxa5 1/2-1/2

[Event "60th Hoogovens it"]
[Site "Wijk aan Zee NED"]
[Date "1998.01.26"]
[Round "9"]
[White "Timman, Jan"]
[Black "Gelfand, Boris"]
[Result "1/2-1/2"]
[WhiteElo "2635"]
[BlackElo "2675"]
[EventDate "1998.01.16"]
[PlyCount "65"]

1. d4 Nf6 2. c4 e6 3. Nf3 b6 4. g3 Ba6 5. Nbd2 d5 6. Bg2 Be7 7. O-O O-O 8. b3 Nbd7 9. Bb2 c5 10. Ne5 Rc8 11. Nxd7 Qxd7 12. dxc5 Rxc5 13. cxd5 exd5 14. Nf3 Rfc8 15. Ne1 Qf5 16. Bd4 R5c7 17. Nd3 Bd6 18. Bxf6 Qxf6 19. Bxd5 Qd4 20. Bf3 Rc2 21. a3 Be7 22. Nb4 Rd2 23. Qe1 Bb5 24. Nd5 Bf8 25. Rd1 Rxd1 26. Qxd1 Qxd1 27. Rxd1 Bxa3 28. Ra1 Rc1+ 29. Rxc1 Bxc1 30. Ne7+ Kf8 31. Nc8 Bd7 32. Nxa7 Ke7 33. b4 1/2-1/2

[Event "60th Hoogovens it"]
[Site "Wijk aan Zee NED"]
[Date "1998.01.29"]
[Round "11"]
[White "Timman, Jan"]
[Black "Piket, Jeroen"]
[Result "1/2-1/2"]
[WhiteElo "2635"]
[BlackElo "2575"]
[EventDate "1998.01.16"]
[PlyCount "75"]

1. e4 e5 2. Nf3 Nc6 3. Bb5 a6 4. Bxc6 dxc6 5. O-O Bg4 6. h3 h5 7. d3 Qf6 8. Be3 Bxf3 9. Qxf3 Qxf3 10. gxf3 Bd6 11. Kh1 f6 12. Rg1 Kf7 13. Nd2 Ne7 14. Nc4 Rad8 15. Rg2 g5 16. h4 g4 17. fxg4 hxg4 18. Rxg4 Ng6 19. Kg2 Nxh4+ 20. Kg3 Ng6 21. Rg1 Nf8 22. Kf3 Ne6 23. Ke2 Rh7 24. a3 c5 25. c3 Rdh8 26. b4 Rh1 27. Na5 b6 28. Nb7 cxb4 29. Nxd6+ cxd6 30. axb4 a5 31. Bxb6 axb4 32. cxb4 Rxg1 33. Rxg1 Rb8 34. Ba5 Nd4+ 35. Kd1 Nc6 36. Kd2 Rb5 37. Ra1 Nxb4 38. Bxb4 1/2-1/2

[Event "60th Hoogovens it"]
[Site "Wijk aan Zee NED"]
[Date "1998.01.29"]
[Round "11"]
[White "Van der Sterren, Paul"]
[Black "Karpov, Anatoly"]
[Result "0-1"]
[WhiteElo "2550"]
[BlackElo "2735"]
[EventDate "1998.01.16"]
[PlyCount "52"]

1. d4 Nf6 2. c4 e6 3. Nf3 b6 4. g3 Ba6 5. b3 Bb4+ 6. Bd2 Be7 7. Bg2 c6 8. Bc3 d5 9. Ne5 Nfd7 10. Nxd7 Nxd7 11. Nd2 O-O 12. O-O Rc8 13. e4 c5 14. exd5 exd5 15. dxc5 dxc4 16. c6 cxb3 17. Re1 b2 18. Bxb2 Nc5 19. Qg4 Bf6 20. Bxf6 Qxf6 21. Ne4 Qxc6 22. Nxc5 Qxc5 23. Qa4 Bb5 24. Qxa7 Rc7 25. Bb7 Rxb7 26. Qxb7 Bc6 0-1

[Event "60th Hoogovens it"]
[Site "Wijk aan Zee NED"]
[Date "1998.01.30"]
[Round "12"]
[White "Piket, Jeroen"]
[Black "Karpov, Anatoly"]
[Result "1/2-1/2"]
[WhiteElo "2575"]
[BlackElo "2735"]
[EventDate "1998.01.16"]
[PlyCount "34"]

1. d4 Nf6 2. c4 e6 3. Nf3 b6 4. g3 Ba6 5. Nbd2 d5 6. Bg2 Be7 7. O-O O-O 8. b3 c5 9. dxc5 Bxc5 10. Bb2 Nbd7 11. Rc1 Bb7 12. Nd4 Rc8 13. Nb5 Qe7 14. cxd5 Nxd5 15. Ne4 Rfd8 16. Nxc5 Nxc5 17. Qd4 Nf6 1/2-1/2

[Event "60th Hoogovens it"]
[Site "Wijk aan Zee NED"]
[Date "1998.02.01"]
[Round "13"]
[White "Topalov, Veselin"]
[Black "Gelfand, Boris"]
[Result "1/2-1/2"]
[WhiteElo "2740"]
[BlackElo "2675"]
[EventDate "1998.01.16"]
[PlyCount "60"]

1. e4 c5 2. Nf3 d6 3. d4 cxd4 4. Nxd4 Nf6 5. Nc3 a6 6. Bg5 e6 7. f4 Qb6 8. Qd2 Qxb2 9. Rb1 Qa3 10. f5 Nc6 11. fxe6 fxe6 12. Nxc6 bxc6 13. e5 dxe5 14. Bxf6 gxf6 15. Ne4 Qxa2 16. Rd1 Be7 17. Be2 O-O 18. O-O Ra7 19. Qh6 Rd7 20. Rd3 Rxd3 21. Bxd3 f5 22. Ng5 Bxg5 23. Qxg5+ Kh8 24. Qe7 Rg8 25. Qf6+ Rg7 26. Qf8+ Rg8 27. Qf6+ Rg7 28. Rd1 Qd5 29. Qf8+ Rg8 30. Qf6+ Rg7 1/2-1/2